| 000 | 00962nam a2200253Ia 4500 | ||
|---|---|---|---|
| 001 | 10735 | ||
| 003 | GE_BSU | ||
| 008 | 181216s||||||||xx |||||||||||||| ||und|| | ||
| 020 | _a9789941180088 | ||
| 040 | _cGE_BSU | ||
| 080 | _a37.015.3+159.964.2 | ||
| 100 | _aდიმიტრიადისი,გრეგ; კამბერელისი,ჯორჯ. | ||
| 245 | _aთეორია განათლებისათვის. | ||
| 245 | _cრედ. ნინო ჯავახიშვილი | ||
| 260 | _aთბილისი | ||
| 260 | _bილიას სახელმწ. უნ–ტი. | ||
| 260 | _c2010. | ||
| 300 | _a232გვ;23სმ. | ||
| 520 | _aშემოსულია ტემპუსის პროექტით. | ||
| 541 | _h8ლ.50თ. | ||
| 653 | _aთეორია განათლებისათვის. | ||
| 653 | _aტემპუსის პროექტით | ||
| 942 | _cBK | ||
| 999 |
_c43985 _d43985 |
||